Introducción a la probabilidad y estadística (Registro nro. 2312)

Detalles MARC
000 -LEADER
fixed length control field 01511 a2200277 4500
001 - CONTROL NUMBER
control field 32956
005 - DATE AND TIME OF LATEST TRANSACTION
control field 20260407155624.0
008 - FIXED-LENGTH DATA ELEMENTS--GENERAL INFORMATION
fixed length control field 260407a2015 arg spa d
003 - CONTROL NUMBER IDENTIFIER
control field AR-UNSa-BCEJYS
040 ## - CATALOGING SOURCE
Original cataloging agency AR-UNSa-BCEJYS
Language of cataloging spa
Transcribing agency AR-UNSa-BCEJYS
080 ## - UNIVERSAL DECIMAL CLASSIFICATION NUMBER
Universal Decimal Classification number 519.2
Common auxiliary subdivision Probabilidades y estadística matemática<br/>
020 ## - INTERNATIONAL STANDARD BOOK NUMBER
International Standard Book Number 978-607-519-876-7
041 ## - LANGUAGE CODE
Language code of text/sound track or separate title spa
100 1# - MAIN ENTRY--PERSONAL NAME
Personal name Mendenhall, William
245 10 - TITLE STATEMENT
Title Introducción a la probabilidad y estadística
250 ## - EDITION STATEMENT
Edition statement 14a. ed.
264 #1 - PRODUCTION, PUBLICATION, DISTRIBUTION, MANUFACTURE, AND COPYRIGHT NOTICE
Place of production, publication, distribution, manufacture México :
Name of producer, publisher, distributor, manufacturer Cengage Learning Editores
Date of production, publication, distribution, manufacture, or copyright notice 2015
300 ## - PHYSICAL DESCRIPTION
Extent xxi, 721 p.
Dimensions 27 cm.
505 ## - FORMATTED CONTENTS NOTE
Formatted contents note 1. Descripción de datos con gráficas - 2. Descripción de datos con medidas numéricas - 3. Descripción de datos bivariados - 4. Probabilidad y distribuciones de probabilidad - 5. Algunas distribuciones discretas útiles - 6. La distribución normal de probabilidad - 7. Distribuciones muestrales - 8. Estimación de muestras grandes - 9. Prueba de hipótesis de muestras grandes - 10. Inferencia a partir de muestras pequeñas - 11. El análisis de varianza - 12.Regresión lineal y correlación - 13. Análisis de regresión multiple - 14. Análisis de datos categóricos - 15. Estadísticas no paramétricas
590 ## - LOCAL NOTE (RLIN)
Local note niveau_biblio:m niveau_hierar:0
700 1# - ADDED ENTRY--PERSONAL NAME
Personal name Beaver, Robert J.
700 1# - ADDED ENTRY--PERSONAL NAME
Personal name Velázquez Arellano, Jorge Alberto
700 1# - ADDED ENTRY--PERSONAL NAME
Personal name Beaver, Barbara M.
856 41 - ELECTRONIC LOCATION AND ACCESS
Uniform Resource Identifier <a href="https://biblioeco.unsa.edu.ar/pmb/images/libros/intro_prob_estadistica.jpg">https://biblioeco.unsa.edu.ar/pmb/images/libros/intro_prob_estadistica.jpg</a>
Link text Imagen de portada
Electronic format type image/jpeg
942 ## - ADDED ENTRY ELEMENTS (KOHA)
Koha item type
Existencias
Withdrawn status Lost status Damaged status Not for loan Home library Current library Shelving location Date acquired Total checkouts Full call number Barcode Date last seen Price effective from Koha item type
        Biblioteca Prof. Eusebio Cleto del Rey Biblioteca Prof. Eusebio Cleto del Rey   07/04/2026   519.2 M537 14ed. L125195 07/04/2026 07/04/2026 Libro
        Biblioteca Prof. Eusebio Cleto del Rey Biblioteca Prof. Eusebio Cleto del Rey   07/04/2026   519.2 M537 14ed. L125196 07/04/2026 07/04/2026 Libro
        Biblioteca Prof. Eusebio Cleto del Rey Biblioteca Prof. Eusebio Cleto del Rey   07/04/2026   519.2 M537 14ed. L125198 07/04/2026 07/04/2026 Libro
        Biblioteca Prof. Eusebio Cleto del Rey Biblioteca Prof. Eusebio Cleto del Rey   07/04/2026   519.2 M537 14ed. L125194 07/04/2026 07/04/2026 Libro
        Biblioteca Prof. Eusebio Cleto del Rey Biblioteca Prof. Eusebio Cleto del Rey   07/04/2026   519.2 M537 14ed. L125197 07/04/2026 07/04/2026 Libro